000 00472nam a2200181Ia 4500
005 20250326141641.0
008 250326s9999 xx 000 0 und d
037 _aTextbook
040 _aFMSL
_beng
_cFMSL
041 _aeng
_2eng
084 _qFMSL
100 _aUddin Sami
_9489963
245 0 _aEnterpreneurial development in Indian
_cUddin Sami
260 _aNew Delhi
_bNew Delhi, Mittal
_c1990
300 _a315p
942 _cTB
999 _c1291311
_d1291311